Harry Potter Quiz: Alle Schulfächer - Statistiken

Allgemein
  • Dieses Quiz wurde 3.434 mal gespielt
    1.034 seit der letzten Aktualisierung
  • Das Durchschnittsergebnis liegt bei 7 aus 14
Antwortstatistiken
Schulfach in Hogwarts % Korrekt
Zaubertränke
91%
Verteidigung gegen die dunklen Künste
84%
Wahrsagen
76%
Verwandlung
74%
Kräuterkunde
63%
Pflege magischer Geschöpfe
58%
Zauberkunst
55%
Muggelkunde
47%
Astronomie
40%
Alte Runen
39%
Geschichte der Zauberei
39%
Besenflug
38%
Arithmantik
29%
Dunkle Künste
11%
Keine übereinstimmenden Quizze gefunden
Verteilung der Resultate
Anzahl Personen mit jedem Resultat
Perzentil nach korrekt beantworteten Fragen
Ihre Resultats-Entwicklung
Sie haben dieses Quiz seit der letzten Aktualisierung nicht gespielt